000 00801cam a22002055a 4500
001 L155498
008 120327s1812 xxk f 000 0 eng d
035 _a(Sirsi) u155498
041 0 _aeng
100 1 _aStrickland, H. E.
_q(Henry Eustasius)
245 0 2 _aA general view of the agriculture of the East-Riding of Yorkshire published by order of the Board of Agriculture
260 _aYork
_bPrinted for the Author
_c1812
300 _aviii, 332, [1] p., [4] folded leaves of plates, [6] leaves of plates
_bill. (part. col.), tables, map
_c22 cm.
520 _aCaption title: Agricultural survey of the East-Riding of Yorkshire.
583 _aCondition reviewed
_c20120620
_lcondition level 3
651 4 _aEngland
_y886-
690 _aRural
_96268
710 1 _aBoard of Agriculture
942 _n0
999 _c113610
_d113610